| 000 | 01212cam a22003615a 4500 | ||
|---|---|---|---|
| 003 | EG-ScBUE | ||
| 005 | 20220616112208.0 | ||
| 006 | m||||fq||h 00| j | ||
| 008 | 090531s2008 enkab f 000 0 eng d | ||
| 020 | _a1405882069 | ||
| 020 | _a9781405882064 | ||
| 040 |
_aEG-ScBUE _beng _erda _cEG-ScBUE _dEG-ScBUE |
||
| 082 | 0 | 4 |
_a428.6 _bBED _222 |
| 100 | 1 |
_aBeddall, Fiona, _eauthor. _95719 |
|
| 245 | 1 | 0 |
_aAlexander the great / _cFiona Beddall. |
| 264 | 1 |
_aHarlow, England : _bPearson Education Limited, _c2008. |
|
| 300 |
_avii, 58 pages : _billustrations, maps ; _c20 cm + _e2 CD |
||
| 336 |
_2rdacontent _atext _btxt |
||
| 336 |
_2rdacontent _asounds _bsnd |
||
| 337 |
_2rdamedia _aunmediated _bn |
||
| 337 |
_2rdamedia _aaudio _bs |
||
| 338 |
_2rdacarrier _avolume _bnc |
||
| 338 |
_2rdacarrier _acomputer disc _bcd |
||
| 490 | 0 |
_aPenguin readers ; _vlevel 4 |
|
| 521 | _aB1: Intermediate | ||
| 590 | _aMohamed Hussein | ||
| 600 | 0 | 7 |
_aAlexander, _cthe Great, _d356 B.C.-323 B.C. _2BUEsh |
| 650 | 7 |
_aEnglish language _vTextbooks for foreign speakers. _2BUEsh |
|
| 650 | 7 |
_aReaders for new literates. _2BUEsh |
|
| 653 |
_cAugust2015 _bHHUUEENN |
||
| 655 |
_vReading book _934232 |
||
| 942 |
_2ddc _cBB |
||
| 999 |
_c11714 _d11714 |
||